| 000 | 00553nam a22001697a 4500 | ||
|---|---|---|---|
| 003 | BD-DhUL | ||
| 005 | 20180918113926.0 | ||
| 008 | 180918s1935 ii ||||| |||| 00| 0 urd d | ||
| 040 |
_aBD-DhUL _cBD-DhUL |
||
| 082 |
_a891.431 _bKAJ |
||
| 100 | 1 | _aکیفی، محمد مبین چریاکویٔ | |
| 245 | 1 |
_aجواہر سخن : _cمحمد مبین کیفی چریاکویٔ _bجلد ۲ / |
|
| 260 |
_aالہ اباد : _bہندستانی اکیڈیمی، _c۔۱۹۳۵ |
||
| 300 |
_aجلد ۲ ؛ _c۲۴ سم۔ |
||
| 650 | 4 | _aUrdu poetry | |
| 942 |
_2ddc _cBK |
||
| 999 |
_c243525 _d243525 |
||